[Event "Belgrade Jezero op"]
[Site "Belgrade"]
[Date "2017.08.05"]
[Round "1"]
[White "Novovic, Veljko"]
[Black "Rajkovic, Mladen"]
[Result "0-1"]
[WhiteElo "1837"]
[BlackElo "2297"]
[PlyCount "50"]
[EventDate "2017.08.05"]
[EventType "swiss"]
[EventRounds "9"]
[EventCountry "SRB"]
[SourceTitle "CBM 180 Extra"]
[Source "ChessBase"]
[SourceDate "2017.10.06"]
[SourceVersion "1"]
[SourceVersionDate "2017.10.06"]
[SourceQuality "1"]

1. Nf3 Nf6 2. g3 g6 3. Bg2 Bg7 4. 0-0 d5 5. d3 0-0 6. Nbd2 Nbd7 7. c3 e5 8. Qc2 Ne8 9. e4 c6 10. Re1 f5 11. exd5 cxd5 12. Nb3 Nc7 13. Bg5 Bf6 14. Bxf6 Qxf6 15. Re2 e4 16. Nfd4 Ne5 17. Nc1 Ne6 18. f4 Nxd4 19. cxd4 Nc6 20. Qc5 Nxd4 21. Rd2 e3 22. Bxd5+ Be6 23. Rd1 Rfd8 24. Bxe6+ Qxe6 25. Qe5 Nf3+ 0-1

[Event "Belgrade-chT Quality"]
[Site "Belgrade"]
[Date "2015.10.03"]
[Round "1"]
[White "Tisma, Vladimir"]
[Black "Novovic, Veljko"]
[Result "0-1"]
[WhiteElo "1928"]
[BlackElo "1829"]
[PlyCount "108"]
[EventDate "2015.10.03"]
[EventType "team-tourn"]
[EventRounds "11"]
[EventCountry "SRB"]
[SourceTitle "EXT 2018"]
[Source "ChessBase"]
[SourceDate "2017.10.13"]
[SourceVersion "1"]
[SourceVersionDate "2017.10.13"]
[SourceQuality "1"]

1. d4 d6 2. c4 g6 3. Nc3 Bg7 4. e4 Nf6 5. Nf3 0-0 6. Be2 Nbd7 7. 0-0 e5 8. d5 Nc5 9. Qc2 a5 10. Ne1 Ne8 11. Be3 b6 12. Nd3 f5 13. f3 f4 14. Bf2 Bd7 15. b3 g5 16. a3 Nxd3 17. Qxd3 h5 18. b4 Qe7 19. c5 bxc5 20. bxc5 g4 21. cxd6 cxd6 22. Nb5 g3 23. hxg3 fxg3 24. Bxg3 Qg5 25. Bh2 Rc8 26. a4 Bh6 27. Kh1 Rf6 28. Rg1 Rg6 29. g3 Qe3 30. f4 Qxd3 31. Bxd3 Bg4 32. Raf1 Nc7 33. f5 Rf6 34. Kg2 Be3 35. Rh1 Nxb5 36. axb5 Rc3 37. Bb1 Rb3 38. Bg1 Bxg1 39. Rhxg1 Rxb5 40. Rf2 Rf7 41. Bd3 Rb3 42. Bc2 Rc3 43. Rb1 Rfc7 44. Rb2 Kf7 45. Bb1 Bd1 46. Rb6 Rb3 47. Rxb3 Bxb3 48. Rb2 a4 49. Kh3 Rc3 50. Kh4 a3 51. Rd2 Kf6 52. g4 hxg4 53. Kxg4 Re3 54. Kh5 Re1 0-1

[Event "Belgrade tt Cup"]
[Site "Belgrade"]
[Date "2015.04.25"]
[Round "5.3"]
[White "Novovic, Veljko"]
[Black "Prentic, Igor"]
[Result "0-1"]
[WhiteElo "1838"]
[BlackElo "2086"]
[PlyCount "62"]
[EventDate "2015.04.20"]
[EventType "team-swiss"]
[EventRounds "5"]
[EventCountry "SRB"]
[SourceTitle "CBM 166 Extra"]
[Source "ChessBase"]
[SourceDate "2015.06.18"]
[SourceVersion "1"]
[SourceVersionDate "2015.06.18"]
[SourceQuality "1"]
[WhiteTeam "Rakovica"]
[BlackTeam "Vreoci Turbina"]
[WhiteTeamCountry "SRB"]
[BlackTeamCountry "SRB"]

1. e4 c6 2. d4 d5 3. Nc3 dxe4 4. Nxe4 Nd7 5. Nf3 Ngf6 6. Ng3 e6 7. Bd3 Bd6 8. 0-0 0-0 9. c4 c5 10. Ne4 Nxe4 11. Bxe4 Nf6 12. Bg5 cxd4 13. Qxd4 Bxh2+ 14. Kxh2 Qxd4 15. Nxd4 Nxe4 16. Be3 b6 17. f3 Nf6 18. Rfd1 e5 19. Nb5 Bf5 20. g4 Bxg4 21. Bxb6 Bxf3 22. Bxa7 Bxd1 23. Rxd1 Rfd8 24. Rb1 Rd2+ 25. Kg3 Ne4+ 26. Kf3 f5 27. Be3 Rd3 28. Ke2 Rad8 29. Nc7 Ng3+ 30. Kf2 f4 31. Bb6 Rd2+ 0-1

[Event "Belgrade City-chT"]
[Site "Belgrade"]
[Date "2013.11.03"]
[Round "4"]
[White "Milicevic, Predrag I"]
[Black "Novovic, Veljko"]
[Result "1/2-1/2"]
[WhiteElo "2160"]
[BlackElo "1839"]
[PlyCount "35"]
[EventDate "2013.10.26"]
[EventType "team-tourn"]
[EventRounds "11"]
[EventCountry "SRB"]
[SourceTitle "EXT 2015"]
[Source "ChessBase"]
[SourceDate "2014.11.20"]
[SourceVersion "1"]
[SourceVersionDate "2014.11.20"]
[SourceQuality "1"]

1. Nf3 Nf6 2. c4 g6 3. g3 Bg7 4. Bg2 0-0 5. 0-0 d6 6. Nc3 e5 7. d3 a5 8. h3 Nc6 9. Bg5 h6 10. Bd2 Be6 11. e4 Nd7 12. Nd5 Nc5 13. Bc3 Qd7 14. Kh2 Bxd5 15. cxd5 Nb4 16. Ne1 Qb5 17. Rg1 f5 18. Bxb4 1/2-1/2

[Event "Belgrade Spring op"]
[Site "Belgrade"]
[Date "2007.03.26"]
[Round "1"]
[White "Andrejic, Vladica"]
[Black "Novovic, Veljko"]
[Result "1-0"]
[WhiteElo "2197"]
[BlackElo "1867"]
[PlyCount "80"]
[EventDate "2007.03.26"]
[EventType "swiss"]
[EventRounds "9"]
[EventCountry "YUG"]
[SourceTitle "CBM 117 Extra"]
[Source "ChessBase"]
[SourceDate "2007.05.09"]
[SourceVersion "1"]
[SourceVersionDate "2007.05.09"]
[SourceQuality "1"]

1. e4 d6 2. d4 Nf6 3. Nc3 g6 4. Bg5 Bg7 5. f4 h6 6. Bh4 0-0 7. Qd2 Nbd7 8. Nf3 c5 9. d5 a6 10. a4 Rb8 11. a5 b5 12. axb6 Rxb6 13. Ra2 Rb4 14. Bd3 c4 15. Be2 Nc5 16. e5 dxe5 17. Nxe5 Bb7 18. Bxf6 Bxf6 19. Nxc4 a5 20. Nxa5 Rd4 21. Nxb7 Qb6 22. Qe3 Qxb7 23. Bf3 Qb4 24. 0-0 Rxf4 25. Ne2 Rc4 26. c3 Qb3 27. Rfa1 Bg5 28. Qf2 Nd3 29. Nd4 Qxa2 30. Rxa2 Nxf2 31. Kxf2 Rc7 32. Ke2 Re8 33. Ra6 Bf4 34. h3 Bd6 35. Kd3 Rb8 36. b4 Rbc8 37. Nc6 e6 38. b5 Bc5 39. Kc4 Bd6 40. b6 Rb7 1-0

[Event "Belgrade Trophy 18th"]
[Site "Obrenovac"]
[Date "2005.11.29"]
[Round "8"]
[White "Novovic, Veljko"]
[Black "Djordjijevic, Slobodan"]
[Result "0-1"]
[WhiteElo "1824"]
[BlackElo "2131"]
[PlyCount "80"]
[EventDate "2005.11.22"]
[EventType "swiss"]
[EventRounds "9"]
[EventCountry "YUG"]
[SourceTitle "CBM 109 Extra"]
[Source "ChessBase"]
[SourceDate "2006.01.03"]
[SourceVersion "2"]
[SourceVersionDate "2006.01.03"]
[SourceQuality "1"]

1. e4 d6 2. d4 g6 3. Nc3 Bg7 4. f4 Nf6 5. Nf3 c5 6. Bb5+ Nfd7 7. Be3 cxd4 8. Nxd4 a6 9. Bxd7+ Nxd7 10. 0-0 0-0 11. Qe1 Nf6 12. Qh4 Qc7 13. f5 b5 14. a3 Bb7 15. Nf3 Rfe8 16. Rae1 Bc6 17. Bd4 a5 18. fxg6 hxg6 19. Ng5 b4 20. e5 dxe5 21. Bxe5 Qb7 22. Nce4 Bxe4 23. Rxe4 bxa3 24. bxa3 Rad8 25. Ref4 Rd2 26. Qh3 Qc8 27. Qb3 Qc5+ 28. Kh1 Qd5 29. Qxd5 Rxd5 30. Bxf6 exf6 31. Nf3 Rc8 32. c4 Rd3 33. Ra1 f5 34. Ne1 Rb3 35. Rc1 Bh6 36. g3 Rxa3 37. Kg2 Bxf4 38. gxf4 Ra4 39. c5 Rxf4 40. Nd3 Rd4 0-1

[Event "EU-ch U14"]
[Site "Herceg Novi"]
[Date "2005.09.14"]
[Round "1"]
[White "Demidov, Mikhail"]
[Black "Novovic, Veljko"]
[Result "1-0"]
[WhiteElo "2204"]
[BlackElo "1824"]
[PlyCount "47"]
[EventDate "2005.09.14"]
[EventType "swiss"]
[EventRounds "9"]
[EventCountry "YUG"]
[SourceTitle "CBM 108 Extra"]
[Source "ChessBase"]
[SourceDate "2005.11.04"]
[SourceVersion "1"]
[SourceVersionDate "2005.11.04"]
[SourceQuality "1"]

1. d4 g6 2. c4 Nf6 3. Nf3 Bg7 4. g3 0-0 5. Bg2 d6 6. 0-0 Nbd7 7. Nc3 e5 8. d5 Nh5 9. e4 f5 10. exf5 gxf5 11. Ng5 Ndf6 12. Bf3 Qe8 13. Nb5 Qg6 14. Nxc7 Rb8 15. Nce6 Re8 16. Qc2 h6 17. Nxg7 Kxg7 18. Nh3 b6 19. b3 Rg8 20. Bb2 Kf7 21. Rae1 Qg7 22. Kh1 f4 23. Nxf4 exf4 24. Bxh5+ 1-0

[Event "Belgrade Ada op"]
[Site "Belgrade"]
[Date "2005.08.23"]
[Round "9"]
[White "Becelic, Dejan"]
[Black "Novovic, Veljko"]
[Result "1-0"]
[WhiteElo "2061"]
[BlackElo "1824"]
[PlyCount "131"]
[EventDate "2005.08.15"]
[EventType "swiss"]
[EventRounds "9"]
[EventCountry "YUG"]
[SourceTitle "CBM 107 Extra"]
[Source "ChessBase"]
[SourceDate "2005.09.01"]
[SourceVersion "1"]
[SourceVersionDate "2005.09.01"]
[SourceQuality "1"]

1. d4 Nf6 2. c4 g6 3. Nc3 Bg7 4. g3 0-0 5. Bg2 d6 6. e3 c5 7. Nge2 a6 8. h3 Nbd7 9. 0-0 Rb8 10. a4 Qc7 11. Nd5 Nxd5 12. cxd5 b5 13. axb5 axb5 14. b3 Bb7 15. Bb2 Ra8 16. Qd2 c4 17. Qb4 cxb3 18. Qxb3 Rfb8 19. Rxa8 Rxa8 20. Rc1 Qb6 21. Nf4 Rc8 22. Rxc8+ Bxc8 23. Bf1 Nf6 24. Qxb5 Qxb5 25. Bxb5 g5 26. Nd3 Bxh3 27. Bc6 Bf5 28. Nb4 h5 29. f3 Bc8 30. e4 Nd7 31. Kf2 Nf8 32. Bb5 Ng6 33. Nc6 Kf8 34. Bc1 f6 35. Nd8 Kg8 36. Be8 Kh7 37. Nc6 Bf8 38. f4 Kh6 39. f5 Nh8 40. Bd2 Ba6 41. Nd8 Bc8 42. Be3 Ba6 43. Ne6 Bg7 44. Kf3 Bc8 45. Nc7 Bf8 46. Bd2 Bg7 47. Ba5 h4 48. gxh4 gxh4 49. Kg4 Kh7 50. Bd2 Bh6 51. Bxh6 Kxh6 52. Kxh4 Kg7 53. Ne6+ Kh6 54. Kg4 Ba6 55. Kf4 Be2 56. Ke3 Bd1 57. Kf4 Be2 58. e5 Bc4 59. Nc7 Kg7 60. e6 Be2 61. Bb5 Bd1 62. Ke3 Bb3 63. Bc6 Bc2 64. Kf4 Bd1 65. Nb5 Bc2 66. Nxd6 1-0

[Event "Belgrade Zimski op"]
[Site "Belgrade"]
[Date "2005.01.28"]
[Round "6"]
[White "Kurtanovic, M Besim"]
[Black "Novovic, Veljko"]
[Result "0-1"]
[WhiteElo "2009"]
[BlackElo "1791"]
[PlyCount "52"]
[EventDate "2005.01.22"]
[EventType "swiss"]
[EventRounds "9"]
[EventCountry "YUG"]
[SourceTitle "CBM 104 Extra"]
[Source "ChessBase"]
[SourceDate "2005.03.01"]
[SourceVersion "1"]
[SourceVersionDate "2005.03.01"]
[SourceQuality "1"]

1. d4 Nf6 2. c4 g6 3. Nc3 Bg7 4. e4 d6 5. f3 0-0 6. Be3 Nbd7 7. Qd2 c5 8. d5 Ne5 9. Bd3 Nh5 10. Nge2 f5 11. 0-0 fxe4 12. fxe4 Nf6 13. h3 Bd7 14. Kh2 a6 15. b3 Rb8 16. Bc2 b5 17. cxb5 axb5 18. Bh6 Nfg4+ 19. hxg4 Nxg4+ 20. Kg1 Bxh6 21. Qd3 Be3+ 22. Kh1 e5 23. g3 Qg5 24. Kg2 Qh5 25. Nf4 Qh2+ 26. Kf3 exf4 0-1